[Event "Lipetsk Region-ch"]
[Site "Lipetsk"]
[Date "2010.03.25"]
[Round "4"]
[White "Malykh, Yuriy A"]
[Black "Koshelev, Alexey"]
[Result "1-0"]
[WhiteElo "2125"]
[BlackElo "1840"]
[PlyCount "65"]
[EventDate "2010.03.22"]
[EventType "swiss"]
[EventRounds "9"]
[EventCountry "RUS"]
[SourceTitle "EXT 2011"]
[Source "ChessBase"]
[SourceDate "2010.11.26"]
[SourceVersion "1"]
[SourceVersionDate "2010.11.26"]
[SourceQuality "1"]

1. e4 c5 2. Nf3 Nc6 3. d4 cxd4 4. Nxd4 Nf6 5. Nc3 e5 6. Ndb5 d6 7. Bg5 a6 8. Na3 b5 9. Bxf6 gxf6 10. Nd5 f5 11. Bxb5 axb5 12. Nxb5 Ra4 13. b4 Nxb4 14. c3 Nc2+ 15. Qxc2 Rxe4+ 16. Kf1 Ba6 17. c4 Bg7 18. Nbc7+ Kf8 19. Nxa6 Qa5 20. Nac7 Qc5 21. Rb1 Bh6 22. g3 Kg7 23. Rb4 Rc8 24. f3 Rd4 25. Qxf5 Rxc7 26. Qf6+ Kg8 27. Rb8+ Rc8 28. Rxc8+ Qxc8 29. Ne7+ Kf8 30. Nxc8 Rd1+ 31. Kg2 Rd2+ 32. Kh3 Rxh2+ 33. Rxh2 1-0

[Event "Lipetsk Region-ch"]
[Site "Lipetsk"]
[Date "2010.03.24"]
[Round "3"]
[White "Skomorohov, Grigorij"]
[Black "Malykh, Yuriy A"]
[Result "1-0"]
[WhiteElo "2135"]
[BlackElo "2125"]
[PlyCount "91"]
[EventDate "2010.03.22"]
[EventType "swiss"]
[EventRounds "9"]
[EventCountry "RUS"]
[SourceTitle "EXT 2011"]
[Source "ChessBase"]
[SourceDate "2010.11.26"]
[SourceVersion "1"]
[SourceVersionDate "2010.11.26"]
[SourceQuality "1"]

1. c4 c6 2. Nc3 d5 3. cxd5 cxd5 4. d4 Nf6 5. Nf3 Nc6 6. Bf4 Bf5 7. e3 e6 8. Bb5 Nd7 9. Bxc6 bxc6 10. 0-0 Be7 11. Ne5 Nxe5 12. Bxe5 f6 13. Bg3 0-0 14. Na4 Qa5 15. Qb3 Qb5 16. Rfc1 Rfc8 17. Nc5 e5 18. Qxb5 cxb5 19. Na6 Bd6 20. f3 Kf7 21. Kf2 Rc4 22. b3 Rcc8 23. Nc5 a5 24. a3 Rc7 25. Ke2 h5 26. h3 g5 27. a4 b4 28. e4 dxe4 29. Nxe4 Bxe4 30. Rxc7+ Bxc7 31. fxe4 Rd8 32. d5 f5 33. Rf1 f4 34. Bf2 Rd6 35. Rc1 Bd8 36. Rc8 g4 37. Bc5 Rd7 38. hxg4 hxg4 39. Rc6 Kg7 40. Bd6 Kg6 41. Bc7+ Kg5 42. Bxe5 Rh7 43. Rc8 Re7 44. Rxd8 Rxe5 45. Kd3 Kh4 46. Kd4 1-0

[Event "Lipetsk-ch"]
[Site "Lipetsk"]
[Date "2008.03.24"]
[Round "5"]
[White "Malykh, Yuriy A"]
[Black "Titov, Sergey"]
[Result "1-0"]
[WhiteElo "2136"]
[BlackElo "2089"]
[PlyCount "73"]
[EventDate "2008.03.20"]
[EventType "swiss"]
[EventRounds "9"]
[EventCountry "RUS"]
[SourceTitle "EXT 2022"]
[Source "ChessBase"]
[SourceDate "2021.10.06"]
[SourceVersion "1"]
[SourceVersionDate "2021.10.06"]
[SourceQuality "1"]

1. e4 c6 2. d4 d5 3. exd5 cxd5 4. c4 Nf6 5. Nc3 Nc6 6. Bg5 e6 7. c5 Be7 8. Rc1 h6 9. Bf4 Ne4 10. Nf3 0-0 11. Bb5 g5 12. Bg3 f5 13. Bxc6 bxc6 14. Be5 g4 15. Nd2 Bg5 16. Ndxe4 dxe4 17. 0-0 Ba6 18. Re1 Bd3 19. Qb3 Qc8 20. Rcd1 Kh7 21. Ne2 Bxe2 22. Rxe2 Rf7 23. Qc4 Qd7 24. b4 a6 25. a4 Qd5 26. Qc3 Rb7 27. Rb1 Kg6 28. h3 h5 29. Reb2 gxh3 30. Qxh3 Qc4 31. Rb3 h4 32. f4 exf3 33. gxf3 Rg8 34. R3b2 Be3+ 35. Kh1 Kh5 36. Rh2 Bg5 37. Rg1 1-0

[Event "Lipetsk-ch"]
[Site "Lipetsk"]
[Date "2008.03.21"]
[Round "2"]
[White "Malykh, Yuriy A"]
[Black "Airapetian, Gor"]
[Result "0-1"]
[WhiteElo "2136"]
[BlackElo "2318"]
[PlyCount "124"]
[EventDate "2008.03.20"]
[EventType "swiss"]
[EventRounds "9"]
[EventCountry "RUS"]
[SourceTitle "EXT 2022"]
[Source "ChessBase"]
[SourceDate "2021.10.06"]
[SourceVersion "1"]
[SourceVersionDate "2021.10.06"]
[SourceQuality "1"]

1. e4 e6 2. b3 d5 3. Bb2 a6 4. g3 d4 5. f4 c5 6. Bg2 Nc6 7. Nf3 Nf6 8. Ng5 h6 9. Nh3 e5 10. f5 b5 11. a4 Bb7 12. axb5 axb5 13. Rxa8 Qxa8 14. d3 c4 15. bxc4 bxc4 16. Qc1 Bb4+ 17. c3 dxc3 18. Bxc3 cxd3 19. Nf2 0-0 20. 0-0 Rd8 21. Qe3 Qa5 22. Bxb4 Nxb4 23. g4 Nc2 24. Qg3 Ne1 25. h4 d2 26. g5 hxg5 27. hxg5 Nxe4 28. Bxe4 Bxe4 29. Nxd2 Bxf5 30. Nc4 Qb4 31. Nxe5 Re8 32. Nfg4 Qd4+ 33. Rf2 Nd3 34. Nxd3 Qxg4 35. Qxg4 Bxg4 36. Rg2 Bf5 37. Nf2 Kh7 38. Kh2 Kg6 39. Nh3 Bxh3 40. Kxh3 Re4 41. Rg1 Ra4 42. Rg2 Rb4 43. Rg1 Ra4 44. Rg2 Rf4 45. Rg4 Rf1 46. Kh4 Kf5 47. g6 f6 48. Rg2 Rh1+ 49. Kg3 Kxg6 50. Kf4+ Kf7 51. Ra2 g5+ 52. Ke4 Kg6 53. Ra5 Rb1 54. Kf3 Rb3+ 55. Kg2 f5 56. Kf2 g4 57. Kg2 Kg5 58. Ra4 Rb2+ 59. Kg1 f4 60. Ra3 g3 61. Kf1 Kg4 62. Rc3 f3 0-1

[Event "Lipetsk 13th"]
[Site "Lipetsk"]
[Date "2007.11.13"]
[Round "3"]
[White "Malykh, Yuriy A"]
[Black "Ajrapetian, Gevorg"]
[Result "0-1"]
[WhiteElo "2165"]
[BlackElo "2246"]
[PlyCount "114"]
[EventDate "2007.11.11"]
[EventType "tourn"]
[EventRounds "7"]
[EventCountry "RUS"]
[SourceTitle "EXT 2022"]
[Source "ChessBase"]
[SourceDate "2021.10.06"]
[SourceVersion "1"]
[SourceVersionDate "2021.10.06"]
[SourceQuality "1"]

1. a3 e5 2. e4 Nf6 3. Nf3 d6 4. Nc3 Be7 5. h3 0-0 6. Bc4 c6 7. d3 h6 8. 0-0 Nbd7 9. Re1 a5 10. d4 Qc7 11. Nh4 Re8 12. Nf5 Nf8 13. Nxe7+ Qxe7 14. d5 Ng6 15. Qf3 Nh7 16. dxc6 bxc6 17. Qg3 Be6 18. Bxe6 Qxe6 19. Be3 f5 20. exf5 Qxf5 21. Qg4 Qxg4 22. hxg4 d5 23. Bc5 Nf6 24. f3 Nd7 25. Bf2 Rab8 26. b3 Nf4 27. Rad1 g5 28. Ne4 Kg7 29. Nd6 Rh8 30. Bd4 Kf6 31. Bc3 Ra8 32. g3 Ng6 33. Nb7 a4 34. b4 Ke6 35. f4 gxf4 36. gxf4 Nxf4 37. Nc5+ Nxc5 38. Rxe5+ Kd7 39. bxc5 Rhg8 40. Rb1 Rxg4+ 41. Kf2 Rf8 42. Kf3 Rg5 43. Rb7+ Kc8 44. Rxg5 hxg5 45. Ra7 Ne6+ 46. Kg2 Rf4 47. Be5 Re4 48. Bd6 Re2+ 49. Kh3 Rxc2 50. Rxa4 Nxc5 51. Ra7 Ne6 52. a4 d4 53. Re7 d3 54. Rxe6 d2 55. a5 d1Q 56. a6 Qf3+ 57. Bg3 Qh5+ 0-1